000 00540cab a22001695a 4500
001 L158789
008 150723e2015 xxk 000 0 eng d
035 _a(Sirsi) u158789
041 0 _aeng
100 1 _aElson, Sean
245 0 0 _aChanging liabilities
490 _aRICS Building Control
_vApril 2015- May 2015, 10-11(2)
520 _aTougher fines and sentencing for health and safety breaches are onthe way under regulations reforms, warns Sean Elson
650 2 4 _aHealth and Safety
_96244
651 4 _aUnited Kingdom
_y
942 _n0
999 _c84696
_d84696